Online
Catalog

Comercio Justo en la República Dominicana : (Record no. 43044)

MARC details
000 -CABECERA
campo de control de longitud fija 01614nam a2200301 a 4500
001 - NÚMERO DE CONTROL
campo de control 000043555
005 - FECHA Y HORA DE LA ÚLTIMA TRANSACCIÓN
campo de control 20240516134500.0
008 - DATOS DE LONGITUD FIJA--INFORMACIÓN GENERAL
campo de control de longitud fija 140325s2011 dr dg 000 0 spa d
020 ## - NÚMERO INTERNACIONAL ESTÁNDAR DEL LIBRO
Número Internacional Estándar del Libro 9789945412451
040 ## - FUENTE DE LA CATALOGACIÓN
Centro catalogador/agencia de origen DO-SdBNP
Lengua de catalogación spa
Centro/agencia transcriptor BNPHU
082 ## - NÚMERO DE LA CLASIFICACIÓN DECIMAL DEWEY
Número de clasificación ssss
Número de documento/Ítem ssss
100 1# - ENTRADA PRINCIPAL--NOMBRE DE PERSONA
Nombre de persona Coscione, Marco
9 (RLIN) 71224
245 10 - MENCIÓN DE TÍTULO
Título Comercio Justo en la República Dominicana :
Resto del título Café, Cacao y Banano /
Mención de responsabilidad, etc. Marco Coscione ; prólogo Fátima Portorreal.
260 ## - PUBLICACIÓN, DISTRIBUCIÓN, ETC.
Lugar de publicación, distribución, etc. Santo Domingo :
Nombre del editor, distribuidor, etc. FUNGODE,
Fecha de publicación, distribución, etc. 2011.
300 ## - DESCRIPCIÓN FÍSICA
Extensión 454 p. :
Otras características físicas il., gráf., mapas ;
Dimensiones 28 cm.
490 1# - MENCIÓN DE SERIE
Mención de serie Desarrollo sostenible
500 ## - NOTA GENERAL
Nota general Incluye datos biográficos del autor en la solapa de la cubierta
504 ## - NOTA DE BIBLIOGRAFÍA, ETC.
Nota de bibliografía, etc. Bibliografía : p. 441-454
504 ## - NOTA DE BIBLIOGRAFÍA, ETC.
Nota de bibliografía, etc. Incluye referencias bibliográficas y notas al pie de las páginas
505 0# - NOTA DE CONTENIDO CON FORMATO
Información miscelánea Capítulo 1
Título La República Dominicana y los objetivos de desarrollo del milenio --
Información miscelánea Capítulo 2
Título Café cacao y banano en el mundo y en la República Dominicana --
Información miscelánea Capítulo 3
Título El movimiento mundial por un comercio con justicia --
Información miscelánea Capítulo 4
Título Experiencias de comercio justo en la República Dominicana: café, cacao y banano --
Información miscelánea Capítulo 5
Título Los criterios del comercio justo y los objetivos de desarrollo del milenio
650 #4 - PUNTO DE ACCESO ADICIONAL DE MATERIA--TÉRMINO DE MATERIA
Término de materia o nombre geográfico como elemento de entrada República dominicana
Subdivisión general Comercio
9 (RLIN) 71348
650 #4 - PUNTO DE ACCESO ADICIONAL DE MATERIA--TÉRMINO DE MATERIA
Término de materia o nombre geográfico como elemento de entrada Industria del café
Subdivisión geográfica República Dominicana
9 (RLIN) 296
650 #4 - PUNTO DE ACCESO ADICIONAL DE MATERIA--TÉRMINO DE MATERIA
Término de materia o nombre geográfico como elemento de entrada Industria del café
Subdivisión general Aspectos económicos
Subdivisión geográfica República Dominicana
9 (RLIN) 71349
650 #0 - PUNTO DE ACCESO ADICIONAL DE MATERIA--TÉRMINO DE MATERIA
Término de materia o nombre geográfico como elemento de entrada Comercio internacional
9 (RLIN) 10367
700 12 - PUNTO DE ACCESO ADICIONAL--NOMBRE DE PERSONA
Nombre de persona Portorreal, Fátima,
Término indicativo de función/relación pról.
9 (RLIN) 71350
710 2# - PUNTO DE ACCESO ADICIONAL--NOMBRE DE ENTIDAD CORPORATIVA
Nombre de entidad corporativa o nombre de jurisdicción como elemento de entrada Fundación Global y Desarrollo
9 (RLIN) 71351
830 #0 - PUNTO DE ACCESO ADICIONAL DE SERIE-TÍTULO UNIFORME
Título uniforme Desarrollo sostenible
9 (RLIN) 71227
Holdings
Estado de retiro Estado de pérdida Restricciones de uso No para préstamo Código de colección Localización permanente Ubicación/localización actual Ubicación en estantería Fecha de adquisición Número de inventario Total de préstamos Signatura topográfica completa Código de barras Fecha visto por última vez Número de copia Precio válido a partir de Tipo de ítem Koha
        Dominicana de Servicio General General Depósito 25.03.2014 LF1   ssss ssss 43555-30 25.06.2020 e. 3 25.06.2020 Libro y Folleto Colección Dominicana de Servicio
      Excluido de préstamo Patrimonio Dominicano Patrimonio Dominicano Patrimonio Dominicano Depósito 25.03.2014 LF1   ssss ssss 43555-10 25.06.2020   25.06.2020 Libro y Folleto Colección Patrimonio Dominicano
      Excluido de préstamo Patrimonio Dominicano Patrimonio Dominicano Patrimonio Dominicano Depósito 25.03.2014 LF1   ssss ssss 43555-20 25.06.2020 e. 2 25.06.2020 Libro y Folleto Colección Patrimonio Dominicano

Powered by Koha